[Event "Nordic Chess-ch 2019"]
[Site "Sarpsborg"]
[Date "2019.06.21"]
[Round "1.1"]
[White "Hammer, Jon Ludvig"]
[Black "Fernandez, Juan Pablo"]
[Result "1-0"]
[WhiteElo "2645"]
[BlackElo "2066"]
[Annotator "TA"]
[PlyCount "85"]
[EventDate "2019.06.21"]
[EventType "swiss"]
[EventCountry "NOR"]
[SourceTitle "playchess.com"]
[Source "ChessBase"]
[SourceQuality "1"]

{[%evp 15,85,-10,-7,-11,-9,-22,-5,-18,-9,-17,-10,-45,-41,-46,-46,-65,-39,-48,0,-45,-24,-71,19,27,34,23,31,22,13,8,79,90,83,61,116,114,267,264,269,234,233,212,219,219,215,215,234,234,234,234,250,250,250,250,250,250,250,250,653,649,635,612,4965,2304,2015,1720,29979,29979,29984,29982,29995,29996]} 1. c4 c5 2. g3 g6 3. Bg2 Bg7 4. Nc3 Nc6 5. Nf3 e5 6. O-O d6 7. Ne1 Be6 8. d3 Nge7 9. e4 {A37: Symmetrical English vs ...g6: 4 Bg2 Bg7 5 Nf3} (9. Bg5 f6 10. Bd2 O-O 11. a3 a5 12. Nc2 d5 13. cxd5 Nxd5 14. Ne3 Nxe3 15. Bxe3 Nd4 16. Bxb7 Rb8 17. Bg2 Rxb2 18. Rb1 Qb8 19. Bxd4 cxd4 20. Ne4 Rxb1 21. Qxb1 Rc8 {½-½ (42) Aronian,L (2782)-Dominguez Perez,L (2713) Nice 2010}) 9... O-O 10. Nc2 Rb8 11. a3 {The position is equal.} a6 12. b4 $146 ({Predecessor:} 12. a4 Qd7 13. Ne3 Nd4 14. Ncd5 b5 15. axb5 axb5 16. Ra6 Nec6 17. cxb5 Rxb5 {0-1 (39) Mihajlov,S (2064)-Urkedal,F (2439) Fagernes 2012}) 12... b5 13. cxb5 axb5 14. Nd5 Qd7 15. Bb2 Nd4 16. Nxd4 Bxd5 17. exd5 {[#] Threatens to win with Nc6.} exd4 18. Bc1 Nc8 ({Black should try} 18... c4 $17) 19. bxc5 $11 dxc5 20. Bf4 Nb6 21. Bxb8 Rxb8 22. Rb1 Nxd5 (22... Bf8 $1 $11) 23. Bxd5 $16 Qxd5 24. Qb3 (24. a4 {feels hotter.} b4 25. a5 Qc6 26. Qb3 h5 27. Ra1) 24... Qxb3 (24... Qa8 $14) 25. Rxb3 $14 {[%mdl 4096] Endgame KRR-KRB} Ra8 $2 (25... Bf8 $16) 26. Rxb5 $18 Rxa3 27. Rxc5 Rxd3 28. Rc8+ Bf8 29. Rb1 {Black must now prevent Rbb8.} Kg7 30. Kg2 Rc3 31. Rxc3 dxc3 {KR-KB} 32. Rb3 Be7 33. Rxc3 Bf6 34. Rc4 h5 35. Kf3 Bg5 36. Ke4 h4 $2 (36... Be7 37. f4 Bd6) 37. g4 Be7 38. f4 g5 39. Kf5 (39. Rc6 $142 gxf4 40. Kxf4) 39... gxf4 40. Rxf4 Kh6 41. Rd4 {White mates.} Bf8 42. g5+ {[%mdl 64] [#] Discovered Attack} Kh5 43. Rd7 {Accuracy: White = 61%, Black = 29%.} 1-0

[Event "Nordic Chess-ch 2019"]
[Site "Sarpsborg"]
[Date "2019.06.21"]
[Round "1.2"]
[White "Blauhut, Holger"]
[Black "Westerberg, Jonathan"]
[Result "0-1"]
[WhiteElo "2041"]
[BlackElo "2545"]
[Annotator "TA"]
[PlyCount "96"]
[EventDate "2019.06.21"]
[EventType "swiss"]
[EventCountry "NOR"]
[SourceTitle "playchess.com"]
[Source "ChessBase"]
[SourceQuality "1"]

{[%evp 12,112,16,7,16,10,20,12,39,19,18,8,27,35,31,14,16,17,17,17,21,3,14,2,10,0,9,4,22,16,13,-8,0,-4,-4,-5,-6,-10,-10,-13,0,0,0,-19,0,0,0,-5,-5,-16,-5,-5,-5,-8,0,-5,-3,-5,0,0,0,-22,0,-66,0,-38,0,0,0,-24,0,0,0,-153,-168,-191,-180,-174,-188,-192,-191,-183,-191,-191,-191,-191,-176,-187,-182,-170,-164,-254,-218,-248,-266,-435,-341,-5161,-5077,-1956,-1900,-29982,-29983]} 1. e4 c5 2. Nf3 Nc6 3. Bb5 g6 4. Bxc6 dxc6 5. d3 Bg7 6. h3 Nf6 7. O-O Nd7 {B31: Sicilian: 2...Nc6 3 Bb5 g6} 8. a4 (8. Nc3 b6 9. a3 a5 10. Nd2 e5 11. Nc4 O-O 12. f4 exf4 13. Bxf4 Ba6 14. Bd6 Re8 15. Qf3 Bxc4 16. dxc4 {0-1 (34) Jumabayev,R (2602)-Le,Q (2714) St Petersburg 2018}) 8... e5 9. Be3 O-O $146 {The position is equal.} ({Predecessor:} 9... Qe7 10. Na3 Nf8 11. Nc4 f6 12. Nfd2 Ne6 13. Nf3 O-O 14. a5 Rd8 15. Qe2 {½-½ (34) Soto,M (2137)-Huanca Perez,J (1675) Cochabamba 2017}) 10. Nbd2 Qe7 11. a5 Re8 12. Nb3 Rb8 13. Qd2 b6 14. axb6 axb6 15. Ra7 Rb7 16. Rfa1 Nf8 17. Rxb7 Qxb7 18. Bh6 Bxh6 19. Qxh6 f6 20. Nbd2 Be6 21. b3 Ra8 22. Rxa8 Qxa8 23. Nf1 Qa1 24. Qd2 Bd7 25. Qe1 Qb2 26. Ne3 Ne6 27. Qd2 Kg7 28. Kh2 Qa1 29. g3 h5 30. Kg2 b5 (30... Nd4 {seems wilder.} 31. Qe1 Qa7 32. Nxd4 cxd4 33. Nc4 b5) 31. Qe1 $132 {[%mdl 2048] White puts up resistance} Qa3 (31... Qa7 {keeps more tension.} 32. Nf1 Qa8 33. h4 Bc8 34. Qc3 Qa7) 32. Qd2 Nd4 33. Nxd4 cxd4 34. Nf1 Qa1 35. Nh2 Qc3 36. Nf1 (36. Qxc3 {with more complications.} dxc3 37. Nf1 Kf8 38. Ne3 g5 39. b4) 36... Be6 37. f3 (37. Qxc3 $11 dxc3 38. b4) 37... Kf7 ({Better is} 37... Qa1 $15 38. h4 Qb1) 38. g4 hxg4 39. hxg4 Qb2 40. Kg3 Qb1 41. Kf2 c5 42. Qa5 $2 ({White should try} 42. g5 $1 $11) 42... Qxc2+ $17 {[%mdl 64] Double Attack} 43. Kg1 Qxd3 44. Qc7+ Kg8 45. Qe7 Bf7 ({And not} 45... Qxf3 46. Qxe6+ Kh7 47. g5 $11) 46. Qxf6 Qxb3 {aiming for ...Qe6.} 47. Qxe5 Qxf3 48. Qb8+ Kh7 {Played: Kg8-g7} 0-1

[Event "Nordic Chess-ch 2019"]
[Site "Sarpsborg"]
[Date "2019.06.21"]
[Round "1.3"]
[White "Chatalbashev, Boris"]
[Black "Hamre, Kenneth"]
[Result "1-0"]
[WhiteElo "2527"]
[BlackElo "2033"]
[Annotator "RC"]
[PlyCount "111"]
[EventDate "2019.06.21"]
[EventType "swiss"]
[EventCountry "NOR"]
[SourceTitle "playchess.com"]
[Source "ChessBase"]
[SourceQuality "1"]
[TimeControl "40/5400+30:1800+30"]

1. d4 {[%emt 0:00:00]} d5 {[%emt 0:00:00]} 2. c4 {[%emt 0:00:00]} e6 {[%emt 0:00:00]} 3. Nc3 {[%emt 0:00:00]} Nf6 {[%emt 0:00:01]} 4. cxd5 {[%emt 0:00:00]} exd5 {[%emt 0:00:09]} 5. Bg5 {[%emt 0:00:00]} Be7 {[%emt 0:00:39]} 6. e3 {[%emt 0:00:03]} c6 {[%emt 0:01:28]} 7. Bd3 {[%emt 0:00:09]} Nbd7 {[%emt 0:01:31]} 8. Qc2 {[%emt 0:00:29]} h6 {[%emt 0:00:26]} 9. Bh4 {[%emt 0:03:51]} O-O {[%emt 0:08:27]} 10. Nge2 {[%emt 0:03:28]} Re8 {[%emt 0:06:35]} 11. f3 {[%emt 0:00:29]} c5 {[%emt 0:03:17]} 12. O-O {[%emt 0:00:57]} a6 {[%emt 0:07:26]} 13. a4 {[%emt 0:02:17]} b6 {[%emt 0:06:31]} 14. Rad1 {[%emt 0:01:58]} Bb7 {[%emt 0:07:30]} 15. Kh1 {[%emt 0:01:59]} Qc7 {[%emt 0:02:30]} 16. Bf2 {[%emt 0:06:44]} Nf8 {[%emt 0:03:59]} 17. Ng3 {[%emt 0:00:40]} cxd4 {[%emt 0:06:47]} 18. exd4 {[%emt 0:00:07]} Ne6 {[%emt 0:00:12]} 19. Nf5 {[%emt 0:00:24]} Bf8 {[%emt 0:00:08]} 20. Bg3 {[%emt 0:03:08]} Qd8 {[%emt 0:03:50]} 21. Qd2 {[%emt 0:10:09]} Nh5 {[%emt 0:11:25]} 22. Bh4 {[%emt 0:00:27]} Qc7 {[%emt 0:00:55]} 23. Ne2 {[%emt 0:00:55]} Nef4 {[%emt 0:06:19]} 24. Rc1 {[%emt 0:01:38]} Qb8 {[%emt 0:00:32]} 25. Nxf4 {[%emt 0:04:08]} Qxf4 {[%emt 0:00:04]} 26. Qf2 {[%emt 0:01:11]} g6 {[%emt 0:07:55]} 27. g4 {[%emt 0:02:33]} gxf5 {[%emt 0:05:34]} 28. gxh5 {[%emt 0:00:12]} Be7 {[%emt 0:05:12]} 29. Bg3 {[%emt 0:08:43]} Qg5 {[%emt 0:00:03]} 30. Rg1 {[%emt 0:00:25]} Kf8 {[%emt 0:01:38]} 31. Be5 {[%emt 0:02:38]} Qxh5 {[%emt 0:00:27]} 32. Rc7 {[%emt 0:03:06]} Bc8 {[%emt 0:02:39]} 33. Qg3 {[%emt 0:08:39]} Qg5 {[%emt 0:00:32]} 34. Qh3 {[%emt 0:00:22]} f4 {[%emt 0:00:28]} 35. Rxc8 {[%emt 0:00:42]} Raxc8 {[%emt 0:00:31]} 36. Rxg5 {[%emt 0:00:07]} Bxg5 {[%emt 0:00:17]} 37. Qf5 {[%emt 0:00:45]} Rc1+ {[%emt 0:01:50]} 38. Kg2 {[%emt 0:00:13]} Re6 {[%emt 0:00:39]} 39. Bxf4 {[%emt 0:04:23]} Bxf4 {[%emt 0:00:03]} 40. Qxf4 {[%emt 0:00:08]} Ra1 {[%emt 0:00:57]} 41. Bf5 {[%emt 0:42:29]} Rf6 {[%emt 0:05:25]} 42. Qe5 {[%emt 0:00:00]} Kg7 {[%emt 0:00:05]} 43. b3 {[%emt 0:00:00]} Ra2+ {[%emt 0:00:18]} 44. Kg3 {[%emt 0:00:00]} Ra1 {[%emt 0:00:06]} 45. Qxd5 {[%emt 0:00:00]} Rg1+ {[%emt 0:00:10]} 46. Kf4 {[%emt 0:00:00]} Rg5 {[%emt 0:02:49]} 47. h4 {[%emt 0:00:00]} Rg2 {[%emt 0:00:56]} 48. Ke3 {[%emt 0:00:00]} a5 {[%emt 0:00:11]} 49. Kd3 {[%emt 0:00:00]} Rg1 {[%emt 0:02:18]} 50. Qe5 {[%emt 0:00:00]} Rc1 {[%emt 0:03:28]} 51. d5 {[%emt 0:00:00]} Rc5 {[%emt 0:01:58]} 52. Kd4 {[%emt 0:00:00]} h5 {[%emt 0:01:10]} 53. Ke4 {[%emt 0:00:00]} Rc1 {[%emt 0:01:16]} 54. Kf4 {[%emt 0:00:00]} Rg1 {[%emt 0:03:09]} 55. Qd4 {[%emt 0:00:00]} Rh1 {[%emt 0:00:42]} 56. Kg5 {[%emt 0:00:00]} 1-0

[Event "Nordic Chess-ch 2019"]
[Site "Sarpsborg"]
[Date "2019.06.21"]
[Round "1.4"]
[White "Tunsjo, Axel"]
[Black "Urkedal, Frode Olav Olsen"]
[Result "0-1"]
[WhiteElo "2002"]
[BlackElo "2525"]
[Annotator "TA"]
[PlyCount "66"]
[EventDate "2019.06.21"]
[EventType "swiss"]
[EventCountry "NOR"]
[SourceTitle "playchess.com"]
[Source "ChessBase"]
[SourceQuality "1"]

{[%evp 11,70,12,18,14,33,16,22,25,30,0,0,0,0,-1,2,-7,-4,-108,-27,0,0,-43,-51,-47,-40,-51,-60,-44,7,-58,-70,-350,-338,-327,-318,-352,-330,-351,-346,-317,-337,-334,-191,-195,-198,-186,-201,-187,-206,-195,-202,-572,-554,-2218,-673,-651,-560,-875,-827,-793,-771]} 1. e4 e5 2. Nf3 Nc6 3. Bc4 Nf6 4. d3 Bc5 5. O-O d6 6. c3 a6 7. a4 {C54: Giuoco Piano: 4 c3 Nf6, main lines with 5 d4 and 5 d3} Ba7 8. Nbd2 h6 9. Re1 {The position is equal.} g5 10. Nf1 g4 $1 {[%cal Rg4f3]} 11. N3d2 h5 12. Nb3 g3 $36 {[%mdl 2048] Black is more active.} 13. hxg3 $146 {Threatens to win with Bg5.} ({Predecessor:} 13. Nxg3 Bg4 14. Qc2 h4 {0-1 (45) Oparin,G (2605)-Matlakov,M (2730) Sochi 2017}) 13... Bg4 14. Qd2 (14. Qc2 $1 $11) 14... h4 $17 {[%mdl 1024] Black has strong compensation.} 15. Qg5 $1 Qe7 16. Be3 (16. d4 $5) 16... Rh5 17. Qg7 Rh7 18. Qg5 O-O-O $1 {And now ...Rg8 would win.} 19. Bxa7 {f3 is the strong threat.} Nxa7 (19... Rg8 $15 20. Qe3 Be6) 20. Qe3 (20. Ne3 $11 Rg8 21. Nd5 Rxg5 22. Nxe7+ Kd7 23. Nd5 Nxd5 24. Bxd5) 20... Kb8 $1 $15 21. Na5 $2 {[%mdl 8192]} ({White should try} 21. f3 $15 Rdh8 22. d4 (22. fxg4 $2 Nxg4 23. Qd2 hxg3 $19)) 21... hxg3 $19 22. Nxg3 Bc8 23. Nf5 Bxf5 24. exf5 Rdh8 {[%csl Gh8][%cal Rh7h1]} 25. Kf1 d5 26. Bxa6 bxa6 ({Weaker is} 26... Rh1+ 27. Ke2 $11) (26... Ng4 $142 27. Qg3 Rg8) 27. Qxa7+ Kxa7 28. Nc6+ Kb7 29. Nxe7 Re8 30. Nxd5 Nxd5 31. f3 $2 (31. g3) 31... Nf4 {Black is clearly winning.} 32. Red1 Rh2 (32... Rg8 $142 33. Rd2 Rh1+ 34. Kf2 Rxg2+ 35. Ke3 Rxd2 36. Kxd2 Rxa1) 33. g3 {[#]} Ne2 {Played: Nf4xd3} 0-1

[Event "Nordic Chess-ch 2019"]
[Site "Sarpsborg"]
[Date "2019.06.21"]
[Round "1.5"]
[White "Notkevich, Benjamin Arvola"]
[Black "Nilsen, Tobias Lang"]
[Result "1-0"]
[WhiteElo "2485"]
[BlackElo "1986"]
[Annotator "TA"]
[PlyCount "39"]
[EventDate "2019.06.21"]
[EventType "swiss"]
[EventCountry "NOR"]
[SourceTitle "playchess.com"]
[Source "ChessBase"]
[SourceQuality "1"]

{[%evp 18,39,65,59,62,69,176,172,144,174,299,304,304,306,315,208,438,425,462,456,623,636,574,533]} 1. c4 c5 2. Nc3 Nc6 3. Nf3 g6 4. e3 Nf6 5. d4 cxd4 6. exd4 d5 7. Bg5 Ne4 8. cxd5 Nxc3 9. bxc3 Qxd5 10. c4 Qe4+ {A35: Symmetrical English: 2 Nc3 Nc6 3 Nf3} 11. Be3 e5 (11... Bg7 $14) (11... Bg7 12. Bd3 Qg4 13. O-O O-O 14. Be2 Qd7 15. d5 Ne5 16. Nxe5 Bxe5 17. Bd4 Qd6 18. Bxe5 Qxe5 19. Re1 Qd6 20. Bf3 Bd7 21. Qd4 b6 22. h4 Rfe8 23. Rad1 {½-½ (23) Timman,J (2635)-Ljubojevic,L (2635) Belgrade 1989}) 12. Bd3 $18 Qg4 {[%cal Re5d4] [#]White is clearly better.} 13. h3 $146 {[%cal Rh3g4]} ({Predecessor:} 13. O-O exd4 14. Nxd4 Bg7 15. Nxc6 bxc6 16. Bc5 Qg5 17. Bd6 Be6 18. Be4 Rc8 19. Qa4 Bxa1 20. Bxc6+ Rxc6 21. Qxc6+ Bd7 22. Re1+ Kd8 23. Qc7# {1-0 (23) Bedny,Y (2276)-Gunin,P (2128) Cherepovets 2001}) 13... Qh5 ({Don't blunder} 13... Qxg2 $2 14. Rh2 $18) (13... Qd7 $142) 14. d5 Nb4 15. Be2 Qf5 {With the idea ...Nc2+.} 16. O-O Be7 $2 (16... Nc2) 17. Rb1 {White is clearly winning.} Na6 {[#]} 18. c5 $1 {[%mdl 512]} Bxc5 {intending ...0-0.} (18... Nxc5 19. d6) 19. Bxa6 Bxe3 20. Bb5+ ({Less strong is} 20. fxe3 bxa6 21. e4 Qf4 $16) 1-0

[Event "Nordic Chess-ch 2019"]
[Site "Sarpsborg"]
[Date "2019.06.21"]
[Round "1.6"]
[White "Unneland, Mathias"]
[Black "Holm, Kristian Stuvik"]
[Result "0-1"]
[WhiteElo "1980"]
[BlackElo "2474"]
[Annotator "TA"]
[PlyCount "90"]
[EventDate "2019.06.21"]
[EventType "swiss"]
[EventCountry "NOR"]
[SourceTitle "playchess.com"]
[Source "ChessBase"]
[SourceQuality "1"]

{[%evp 9,90,16,51,38,36,42,52,37,42,47,41,39,54,20,20,-73,-71,-67,-56,-63,-69,-62,-70,-70,-70,-70,-71,-61,-49,-43,-52,-78,-46,-92,-83,-151,-66,-85,-64,-56,-58,-68,-52,-81,-21,-78,-71,-84,-38,-74,-52,-87,0,0,0,0,0,0,13,-48,-48,-47,-47,-789,54,56,53,54,78,78,85,83,81,0,0,0,0,0,0,-4694,-4610,-4132,-734]} 1. d4 Nf6 2. c4 e6 3. Nf3 d5 4. Nc3 dxc4 5. e4 b5 (5... Bb4 6. Bg5 c5 7. Bxc4 cxd4 8. Nxd4 Bxc3+ 9. bxc3 Qa5 10. Bd2 O-O 11. Qe2 e5 12. Nb3 Qc7 13. O-O Bg4 14. f3 Rc8 15. Bd5 Nxd5 16. exd5 Bh5 17. c4 {1-0 (38) Carlsen,M (2845)-Aronian,L (2763) Karlsruhe/Baden Baden 2019}) 6. e5 {D24: Queen's Gambit Accepted: 3 Nf3 Nf6 4 Nc3} Nd5 7. Nxb5 Nb6 8. Be2 {White is slightly better.} Nc6 9. O-O Be7 10. Be3 O-O 11. Rc1 Nb4 12. Bxc4 $146 (12. Nc3 $11 {remains equal.}) ({Predecessor:} 12. Nc3 Bb7 13. Nd2 {0-1 (56) Istratescu,A (2565)-Nisipeanu,L (2674) Bucharest 2018}) 12... Nxc4 $17 13. Rxc4 Ba6 14. Qa4 c6 15. Rxb4 Bxb5 16. Rxb5 cxb5 17. Qxb5 Rb8 18. Qe2 Qa5 {[%mdl 1024] Black has compensation.} 19. b3 Rfc8 20. Ne1 Qb5 21. Qg4 a5 22. f4 (22. h4 $142) 22... Rc3 (22... g6 $17 23. f5 exf5 24. Rxf5 Qd7 {[%mdl 64] Pin}) 23. Bd2 $15 Rc6 24. f5 exf5 $1 25. Qxf5 Qd5 26. Nc2 {White wants to play Ne3.} Rf8 ({Black should play} 26... f6 $1 $17 27. Rf4 fxe5) 27. Qd3 {[#]} (27. Rf4 $1 $11) 27... Rd8 $1 $17 28. Rf3 Bf8 29. Bc3 g6 30. Qd2 Rdc8 (30... Qe4 $17) 31. Ne3 $11 Qe4 32. Nc4 $36 {[%mdl 2048] White has good play.} ({Don't go for} 32. Bxa5 $2 Bh6 $19) 32... a4 {Threatening ...axb3.} 33. d5 Rc5 34. Rd3 (34. d6 $1 $11 axb3 35. axb3) 34... axb3 $15 35. axb3 Rb5 36. Bb2 $2 {[%mdl 8192] [#]} (36. h3 $15) 36... Rcc5 $2 (36... Rxc4 $1 $19 37. h3 Rcc5) 37. Nd6 $1 $14 {[%cal Rd6e4]} Bxd6 $1 38. exd6 {And now d7 would win.} Rxd5 {[#]} 39. Qc3 $1 {[%csl Gb2][%cal Rc3h8][%mdl 512]} f6 40. Qc8+ Kg7 {[%cal Re4e1]} 41. Bxf6+ ({White should try} 41. Qd7+ $16 Kg8 42. Qc8+ (42. Qd8+ Kf7 $11) 42... Kf7 43. Qc7+ Kg8 44. Qc8+) 41... Kf7 {[%cal Re4e1]} 42. Qd7+ Kxf6 {[%cal Re4e1]} 43. Qd8+ Kg7 {[%cal Re4e1]} 44. Qc7+ $2 {[%mdl 8192]} (44. Qd7+ $11 Kf6 45. Qd8+ Kg7 46. Qd7+ Kh6 47. Rh3+ Rh5 48. Qxb5 Qd4+ 49. Kf1 Qf6+ 50. Ke1 Qa1+ 51. Ke2 Qb2+ 52. Kf1 (52. Kd3 Qb1+ 53. Ke2 Qe4+ 54. Kd1 Rxh3 $11) 52... Qf6+ 53. Kg1 Qd4+ 54. Kf1 Qd1+ 55. Kf2 Qd4+ 56. Kf1) 44... Kh6 $19 {[%cal Re4e1]} 45. Qc1+ g5 {Accuracy: White = 38%, Black = 53%.} 0-1

[Event "Nordic Chess-ch 2019"]
[Site "Sarpsborg"]
[Date "2019.06.21"]
[Round "1.7"]
[White "Gretarsson, Helgi Ass"]
[Black "Stellas, Dimitrios"]
[Result "1-0"]
[WhiteElo "2433"]
[BlackElo "1976"]
[Annotator "RC"]
[PlyCount "89"]
[EventDate "2019.06.21"]
[EventType "swiss"]
[EventCountry "NOR"]
[SourceTitle "playchess.com"]
[Source "ChessBase"]
[SourceQuality "1"]
[TimeControl "40/5400+30:1800+30"]

1. d4 {[%emt 0:00:00]} d5 {[%emt 0:00:03]} 2. Nf3 {[%emt 0:00:00]} Nf6 {[%emt 0:01:16]} 3. g3 {[%emt 0:00:16]} Bf5 {[%emt 0:03:23]} 4. Bg2 {[%emt 0:00:07]} e6 {[%emt 0:01:00]} 5. O-O {[%emt 0:00:06]} h6 {[%emt 0:00:48]} 6. c4 {[%emt 0:00:33]} c6 {[%emt 0:03:31]} 7. Nc3 {[%emt 0:01:06]} Nbd7 {[%emt 0:00:47]} 8. Qb3 {[%emt 0:08:13]} Qb6 {[%emt 0:03:36]} 9. c5 {[%emt 0:00:09]} Qc7 {[%emt 0:14:55]} 10. Bf4 {[%emt 0:28:17]} Qc8 {[%emt 0:00:30]} 11. Rac1 {[%emt 0:00:03]} Be7 {[%emt 0:02:57]} 12. h3 {[%emt 0:02:03]} Ne4 {[%emt 0:06:07]} 13. Nd2 {[%emt 0:12:39]} Nxd2 {[%emt 0:02:44]} 14. Bxd2 {[%emt 0:00:01]} O-O {[%emt 0:07:30]} 15. e4 {[%emt 0:09:23]} Bh7 {[%emt 0:01:43]} 16. Rfe1 {[%emt 0:00:58]} Bf6 {[%emt 0:04:25]} 17. Be3 {[%emt 0:05:56]} Re8 {[%emt 0:07:16]} 18. Qd1 {[%emt 0:05:10]} Nf8 {[%emt 0:12:25]} 19. b4 {[%emt 0:01:16]} a6 {[%emt 0:00:18]} 20. h4 {[%emt 0:05:40]} Qd7 {[%emt 0:05:01]} 21. e5 {[%emt 0:03:06]} Bd8 {[%emt 0:00:35]} 22. h5 {[%emt 0:02:56]} f6 {[%emt 0:01:55]} 23. Bf4 {[%emt 0:00:56]} Qf7 {[%emt 0:01:28]} 24. exf6 {[%emt 0:08:01]} Bxf6 {[%emt 0:00:21]} 25. Be5 {[%emt 0:00:04]} Nd7 {[%emt 0:01:42]} 26. f4 {[%emt 0:00:01]} Bxe5 {[%emt 0:01:54]} 27. dxe5 {[%emt 0:00:22]} a5 {[%emt 0:01:40]} 28. a3 {[%emt 0:00:05]} axb4 {[%emt 0:00:08]} 29. axb4 {[%emt 0:00:00]} Ra3 {[%emt 0:04:00]} 30. Bf3 {[%emt 0:04:11]} Kh8 {[%emt 0:01:43]} 31. Qd4 {[%emt 0:00:53]} Nf8 {[%emt 0:01:38]} 32. Ra1 {[%emt 0:02:20]} Rea8 {[%emt 0:00:17]} 33. Rxa3 {[%emt 0:00:32]} Rxa3 {[%emt 0:00:02]} 34. Kf2 {[%emt 0:00:17]} Qf5 {[%emt 0:01:18]} 35. Rc1 {[%emt 0:00:44]} Rb3 {[%emt 0:02:27]} 36. Ke3 {[%emt 0:00:38]} Ra3 {[%emt 0:01:52]} 37. g4 {[%emt 0:00:29]} Qf7 {[%emt 0:01:19]} 38. b5 {[%emt 0:00:22]} cxb5 {[%emt 0:02:13]} 39. Qb4 {[%emt 0:00:55]} Ra6 {[%emt 0:01:24]} 40. Nxb5 {[%emt 0:00:16]} Rc6 {[%emt 0:01:14]} 41. Nd6 {[%emt 0:06:11]} Qc7 {[%emt 0:02:36]} 42. Qxb7 {[%emt 0:00:27]} d4+ {[%emt 0:07:30]} 43. Kf2 {[%emt 0:00:54]} Qa5 {[%emt 0:00:14]} 44. Ne8 {[%emt 0:00:13]} Qd2+ {[%emt 0:01:56]} 45. Kg3 {[%emt 0:00:05]} 1-0

[Event "Nordic Chess-ch 2019"]
[Site "Sarpsborg"]
[Date "2019.06.21"]
[Round "1.8"]
[White "Dingertz, Erik"]
[Black "Ogaard, Leif"]
[Result "0-1"]
[WhiteElo "1969"]
[BlackElo "2385"]
[Annotator "TA"]
[PlyCount "64"]
[EventDate "2019.06.21"]
[EventType "swiss"]
[EventCountry "NOR"]
[SourceTitle "playchess.com"]
[Source "ChessBase"]
[SourceQuality "1"]

{[%evp 16,64,0,7,3,0,-4,-10,0,0,0,-41,-40,-36,-46,-90,-41,-47,-47,-51,-21,-41,128,129,157,-29,-26,-25,0,0,-4,-41,-34,-109,0,10,5,22,110,106,185,236,222,0,0,-537,-517,-707,-698,-29998,-29999]} 1. c4 e6 2. g3 Nf6 3. Bg2 d5 4. b3 Be7 5. Bb2 O-O 6. Nf3 c5 7. e3 Nc6 8. O-O b6 9. d4 Ba6 {A14: English Opening: 1...e6 with b3 by White} 10. Na3 (10. Ne5 Rc8 11. Nd2 cxd4 12. Nxc6 Rxc6 13. Bxd4 Rc7 14. Qe2 Bb4 15. Rfd1 Qe7 16. a3 Bxd2 17. Qxd2 dxc4 18. Be5 Rd7 19. Bxf6 {1-0 (19) Nakamura,H (2769)-Kramnik,V (2792) Paris 2018}) 10... Rc8 11. Rc1 $146 ({Predecessor:} 11. Ne5 cxd4 12. exd4 Nxe5 13. dxe5 Nd7 14. cxd5 Bxf1 15. Qxf1 Nxe5 16. Rd1 Bf6 17. dxe6 {0-1 (37) Schaefer,L (1963)-Kottmair,T (2176) Bayerisch Eisenstein 2017}) 11... Na5 {The position is equal.} 12. Ne5 cxd4 13. exd4 Nd7 14. Nxd7 Qxd7 15. Qg4 Rfd8 {[%cal Rd5c4]} 16. Rfe1 {With the idea cxd5.} Bb4 17. cxd5 Bxe1 18. Rxe1 {[%cal Rd5e6]} Bb7 $2 (18... f5 $15 19. dxe6 fxg4 20. exd7 Rxd7) 19. dxe6 $16 fxe6 20. Bxb7 $2 (20. d5 $1 $16) 20... Nxb7 $11 21. Nc4 b5 22. Ne5 {[%cal Bc4e5,Be5d3,Bd3f4,Bf4e6][%mdl 32]} Qd5 23. Nd3 (23. Re3 {feels hotter.} Rc2 24. Nd3 Rd2 25. Re5 Qd7 26. Qe4) 23... Qf5 24. Qd1 {[#]} (24. Qxf5 $15 exf5 25. Re7) 24... Nd6 (24... Nc5 $1 $17 {[%cal Rc5d3][%mdl 512]} 25. Ne5 (25. Nxc5 Rxc5 {[%mdl 64] Pin} 26. Re2 b4 $17) 25... Ne4) 25. Re5 Qf7 26. Nf4 a6 (26... Re8 $11 {remains equal.}) 27. Nxe6 $16 Re8 (27... Rd7 $16) 28. d5 $18 {Hoping for Rg5.} h6 29. Qd4 $2 (29. Ba3 $18 Nf5 30. Qd3) 29... Rc2 $11 30. Re1 $2 {[%mdl 8192]} (30. Ba3 $11 b4 31. Bxb4) 30... Nf5 $19 31. Qe5 {[#]} Nh4 $1 {[%mdl 512]} 32. Qe4 (32. gxh4 Qxf2+) 32... Qxf2+ {[%mdl 64] Double Attack. Accuracy: White = 46%, Black = 44%.} 0-1

[Event "Nordic Chess-ch 2019"]
[Site "Sarpsborg"]
[Date "2019.06.21"]
[Round "1.9"]
[White "Lindgren, Philip"]
[Black "Schouten, Mathias Lind"]
[Result "1-0"]
[WhiteElo "2384"]
[BlackElo "1967"]
[Annotator "RC"]
[PlyCount "45"]
[EventDate "2019.06.21"]
[EventType "swiss"]
[EventCountry "NOR"]
[SourceTitle "playchess.com"]
[Source "ChessBase"]
[SourceQuality "1"]
[TimeControl "40/5400+30:1800+30"]

1. d4 {[%emt 0:00:00]} Nf6 {[%emt 0:00:00]} 2. c4 {[%emt 0:00:00]} c5 {[%emt 0:00:00]} 3. d5 {[%emt 0:01:17]} b5 {[%emt 0:00:00]} 4. a4 {[%emt 0:04:29]} b4 {[%emt 0:00:59]} 5. Nd2 {[%emt 0:02:56]} d6 {[%emt 0:02:20]} 6. e4 {[%emt 0:01:57]} g6 {[%emt 0:02:37]} 7. Bd3 {[%emt 0:04:00]} Bg7 {[%emt 0:00:44]} 8. f4 {[%emt 0:03:56]} Bg4 {[%emt 0:08:41]} 9. Ngf3 {[%emt 0:07:20]} Nh5 {[%emt 0:07:12]} 10. Nf1 {[%emt 0:09:19]} Qc8 {[%emt 0:22:17]} 11. h3 {[%emt 0:02:16]} Bxf3 {[%emt 0:01:26]} 12. Qxf3 {[%emt 0:00:16]} O-O {[%emt 0:00:40]} 13. g4 {[%emt 0:06:21]} Nf6 {[%emt 0:00:09]} 14. Ng3 {[%emt 0:00:28]} e5 {[%emt 0:13:04]} 15. f5 {[%emt 0:05:32]} Ne8 {[%emt 0:01:43]} 16. h4 {[%emt 0:02:45]} Qd7 {[%emt 0:15:17]} 17. b3 {[%emt 0:07:18]} Na6 {[%emt 0:01:14]} 18. Ra2 {[%emt 0:01:01]} h6 {[%emt 0:06:42]} 19. g5 {[%emt 0:06:48]} Kh7 {[%emt 0:04:24]} 20. f6 {[%emt 0:03:04]} Bh8 {[%emt 0:01:32]} 21. h5 {[%emt 0:00:59]} Rg8 {[%emt 0:00:20]} 22. hxg6+ {[%emt 0:03:27]} Rxg6 {[%emt 0:00:09]} 23. Rah2 {[%emt 0:02:58]} 1-0